000 00511nam a2200193Ia 4500
008 101110s9999 xx 000 0 und d
041 _aENGLISH
082 _bSR20814
100 _aBangui, Patil, Ram, Phatak
245 _aA New Course in Physics Vol-II F.Y.B.Sc.
365 _b60
520 _aPhysics
546 _aENGLISH
630 _aA New Course in Physics Vol-II F.Y.B.Sc.
650 _aPhysics
655 _aPhysics
730 _aA New Course in Physics Vol-II F.Y.B.Sc.
942 _cBOOK
999 _c813802
_d813799